000 00544nam a2200217 a 4500
999 _c4237
_d4237
001 4237
003 BD-JhCC
005 20171129100057.0
008 171125s1942 enk||||| |||| 00| 0 eng d
035 _a(BD-JhCC)4237
040 _aBD-JhCC
_dBD-JhCC
041 _aeng
082 _a428.6
_bMCI 1942
100 _aMcintosh, Enid
245 _aThe Clothes We Wear /
_cEnid Mcintosh,
260 _aLondon :
_bOxford University Press,
_c1959
300 _a48 p. :
_c18 cm.
650 _aReaders elemantary
942 _2ddc
_cBK